000
00321nam a22001457a 4500
008
210505b ||||| |||| 00| 0 eng d
020
_a
9789951895705
041
_a
eng
080
_a
72
082
_a
72
100
_a
41
101
_a
ARK
245
_a
Hapsirat e Braktisura te Kosoves
_c
Sali Shoshi
942
_2
udc
_c
BK
999
_c
57076
_d
57076